| 000 | 01382nam a2200349 a 4500 | ||
|---|---|---|---|
| 001 | 0000396 | ||
| 003 | DO-SdBNP | ||
| 005 | 20180307113022.0 | ||
| 007 | 0000396 | ||
| 008 | 091125s200u dr a 000 0 spa d | ||
| 020 | _a994540024X | ||
| 040 |
_aBPMSU _bspa _cBPMSU |
||
| 092 |
_a 373.53 _bV335f, 2do. 200u |
||
| 100 | 1 | _aVásquez Güichard, Julia Mery | |
| 245 | 1 | 0 |
_aFísica 2 : _beducación media / _cJulia Mery Vásquez Güichard, Andrea Griselda Rincón, Luis Antonio Angulo ; producción editorial María del Jesús de la Rosa ; ilustraciones Daniel Bisonó |
| 260 |
_aSanto Domingo : _bActualidad Escolar 2000, _c[200-]. |
||
| 300 |
_a138 p. : _bil. ; _c27 cm. |
||
| 505 | 0 |
_tDinámica rotacional -- _tGravitación universal y péndulo simple -- _tTermodinámica -- _tElectricidad y magnetismo -- _tLa física moderna y sus aplicaciones -- |
|
| 650 |
_aFÍSICA _xENSEÑANZA SECUNDARIA |
||
| 650 |
_aFÍSICA _xEDUCACIÓN SECUNDARIA |
||
| 650 |
_aEDUCACIÓN SECUNDARIA _zREPÚBLICA DOMINICANA |
||
| 650 |
_aFÍSICA _xLIBROS DE TEXTO |
||
| 650 |
_aFÍSCA _xESTUDIOS Y EJERCICIOS |
||
| 700 | 1 | 2 | _aRincón, Andrea Griselda |
| 700 | 1 | 2 | _aAngulo, Luis Antonio |
| 700 | 1 | 2 |
_aJesús de la Rosa, María del _eprod. ed. |
| 700 | 1 | 2 |
_aBisonó, Daniel _eil. |
| 910 | _a | ||
| 942 |
_2ddc _cBK |
||
| 945 | _aRemanejado para la BNPHU / 2018 VM | ||
| 956 |
_aYngrid Lockward _b10 |
||
| 999 |
_c10281 _d10281 |
||